000 00390pab a2200145 454500
008 180718b1989 xxu||||| |||| 00| 0 eng d
100 _aMatejko, Alexander J.
245 _aSociotechnics of opening organisational structures
260 _c1989
300 _a1-35
362 _aApr. & Oct.
650 _aOrganisational Change
773 _aGuru Nanak Journal of Sociology
909 _a14647
999 _c14647
_d14647